THE WALKING DEAD - SEZON 4 - Statystyki

Ogólne statystyki
  • Ten quiz został rozwiązany 50 razy
  • Średni wynik to 6 z 28
Statystyki odpowiedzi
Obrazkowy Odpowiedź % Poprawnych
Abraham
84%
Bob
84%
Eugene
84%
Tara
77%
Lizzie
48%
Rosita Espinosa
42%
Mika
39%
Gareth
23%
Joe
13%
Lilly
13%
Patrick
13%
Mary
6%
Meghan
6%
Sam
6%
Alisha
3%
David
3%
Mike
3%
Zach
3%
Ana
0%
Andre
0%
Clara
0%
Dan
0%
Harley
0%
Len
0%
Mitch
0%
Pete
0%
Terry
0%
Tony
0%
Nie znaleziono quizów pasujących do podanych kryteriów
Rozkład punktacji
Procent ludzi z każdym wynikiem
Percentyl według liczby udzielonych odpowiedzi
Twoja historia wyników
Nie rozwiązałeś tego quizu